000 00696nam a2200289Ia 4500
005 20260324133823.0
008 008 260324s9999 xx 000 0 eng d
020 _a9781315705866
037 _aEBOOK
040 _aCRL
040 _beng
040 _cCRL
041 _2eng
041 _aeng
084 _qCRL
100 _aElizabeth J. Perry
_91194526
245 0 _aChallenging the Mandate of Heaven
245 0 _bSocial Protest and State Power in China
260 _bTaylor and Francis
260 _c2002
365 _a
365 _b290
856 _uhttp://www.taylorfrancis.com/books/9781315705866
942 _cEBOOK
999 _c1793961
_d1793961